<?xml version="1.0" encoding="UTF-8"?>
<collection xmlns="http://www.loc.gov/MARC21/slim">
 <record>
  <leader>02921nam a22003257a 4500</leader>
  <controlfield tag="001">NCT_4_017420</controlfield>
  <controlfield tag="008">250310b        xxu||||| |||| 00| 0 vie d</controlfield>
  <datafield tag="999" ind1=" " ind2=" ">
   <subfield code="c">8835</subfield>
   <subfield code="d">8835</subfield>
  </datafield>
  <datafield tag="020" ind1=" " ind2=" ">
   <subfield code="a">9786043213126</subfield>
   <subfield code="c">199000</subfield>
  </datafield>
  <datafield tag="082" ind1="0" ind2="4">
   <subfield code="2">23rd ed.</subfield>
   <subfield code="a">006.35</subfield>
   <subfield code="b">K304T</subfield>
  </datafield>
  <datafield tag="110" ind1="2" ind2=" ">
   <subfield code="a">Học viện văn hoạ AIGC</subfield>
  </datafield>
  <datafield tag="245" ind1="1" ind2="0">
   <subfield code="a">Kiếm tiền cùng Chatgpt :</subfield>
   <subfield code="b">Vào nghề chatgpt chỉ trong 5 giờ học</subfield>
   <subfield code="c">Học viện văn hoạ AIGC (Biên soạn) ; Lê Tiến Thành (Dịch) ; George Nguyễn (Hiệu đính)</subfield>
  </datafield>
  <datafield tag="260" ind1=" " ind2=" ">
   <subfield code="a">H.</subfield>
   <subfield code="b">Hồng Đức</subfield>
   <subfield code="c">2024</subfield>
  </datafield>
  <datafield tag="300" ind1=" " ind2=" ">
   <subfield code="a">272 tr.</subfield>
   <subfield code="b">Minh hoạ</subfield>
   <subfield code="c">27 cm</subfield>
  </datafield>
  <datafield tag="520" ind1="3" ind2=" ">
   <subfield code="a">Sách cung cấp 50 video hướng dẫn và 130 lệnh mẫu, giúp người đọc làm chủ ChatGPT trong lĩnh vực truyền thông, IT, tài chính. Với phương pháp học nhanh trong 5 giờ, các chiến lược minh họa thực tế kèm theo video hỗ trợ trong sách đáp ứng nhu cầu của mọi người từ mới bắt đầu cho đến chuyên gia.</subfield>
  </datafield>
  <datafield tag="653" ind1=" " ind2=" ">
   <subfield code="a">Truyền thông đa phương tiện</subfield>
  </datafield>
  <datafield tag="700" ind1="1" ind2=" ">
   <subfield code="a">Lê Tiến Thành</subfield>
   <subfield code="e">Dịch</subfield>
  </datafield>
  <datafield tag="700" ind1="1" ind2=" ">
   <subfield code="a">Nguyễn, George </subfield>
   <subfield code="e">Hiệu đính</subfield>
  </datafield>
  <datafield tag="942" ind1=" " ind2=" ">
   <subfield code="2">ddc</subfield>
   <subfield code="c">BK</subfield>
  </datafield>
  <datafield tag="952" ind1=" " ind2=" ">
   <subfield code="0">0</subfield>
   <subfield code="1">0</subfield>
   <subfield code="2">ddc</subfield>
   <subfield code="4">0</subfield>
   <subfield code="6">006_350000000000000_K304T</subfield>
   <subfield code="7">0</subfield>
   <subfield code="9">30397</subfield>
   <subfield code="a">000001</subfield>
   <subfield code="b">000001</subfield>
   <subfield code="d">2025-03-10</subfield>
   <subfield code="o">006.35 K304T</subfield>
   <subfield code="p">MD.23550</subfield>
   <subfield code="r">2025-03-10</subfield>
   <subfield code="v">199000.00</subfield>
   <subfield code="w">2025-03-10</subfield>
   <subfield code="y">BK</subfield>
  </datafield>
  <datafield tag="952" ind1=" " ind2=" ">
   <subfield code="0">0</subfield>
   <subfield code="1">0</subfield>
   <subfield code="2">ddc</subfield>
   <subfield code="4">0</subfield>
   <subfield code="6">006_350000000000000_K304T</subfield>
   <subfield code="7">0</subfield>
   <subfield code="9">30398</subfield>
   <subfield code="a">000001</subfield>
   <subfield code="b">000001</subfield>
   <subfield code="d">2025-03-10</subfield>
   <subfield code="o">006.35 K304T</subfield>
   <subfield code="p">MD.23551</subfield>
   <subfield code="r">2025-03-10</subfield>
   <subfield code="v">199000.00</subfield>
   <subfield code="w">2025-03-10</subfield>
   <subfield code="y">BK</subfield>
  </datafield>
  <datafield tag="952" ind1=" " ind2=" ">
   <subfield code="0">0</subfield>
   <subfield code="1">0</subfield>
   <subfield code="2">ddc</subfield>
   <subfield code="4">0</subfield>
   <subfield code="6">006_350000000000000_K304T</subfield>
   <subfield code="7">0</subfield>
   <subfield code="9">30399</subfield>
   <subfield code="a">000001</subfield>
   <subfield code="b">000001</subfield>
   <subfield code="d">2025-03-10</subfield>
   <subfield code="o">006.35 K304T</subfield>
   <subfield code="p">MD.23552</subfield>
   <subfield code="r">2025-03-10</subfield>
   <subfield code="v">199000.00</subfield>
   <subfield code="w">2025-03-10</subfield>
   <subfield code="y">BK</subfield>
  </datafield>
  <datafield tag="952" ind1=" " ind2=" ">
   <subfield code="0">0</subfield>
   <subfield code="1">0</subfield>
   <subfield code="2">ddc</subfield>
   <subfield code="4">0</subfield>
   <subfield code="6">006_350000000000000_K304T</subfield>
   <subfield code="7">0</subfield>
   <subfield code="9">30400</subfield>
   <subfield code="a">000001</subfield>
   <subfield code="b">000001</subfield>
   <subfield code="d">2025-03-10</subfield>
   <subfield code="o">006.35 K304T</subfield>
   <subfield code="p">MD.23553</subfield>
   <subfield code="r">2025-03-10</subfield>
   <subfield code="v">199000.00</subfield>
   <subfield code="w">2025-03-10</subfield>
   <subfield code="y">BK</subfield>
  </datafield>
  <datafield tag="952" ind1=" " ind2=" ">
   <subfield code="0">0</subfield>
   <subfield code="1">0</subfield>
   <subfield code="2">ddc</subfield>
   <subfield code="4">0</subfield>
   <subfield code="6">006_350000000000000_K304T</subfield>
   <subfield code="7">0</subfield>
   <subfield code="9">30401</subfield>
   <subfield code="a">000001</subfield>
   <subfield code="b">000001</subfield>
   <subfield code="d">2025-03-10</subfield>
   <subfield code="o">006.35 K304T</subfield>
   <subfield code="p">MD.23554</subfield>
   <subfield code="r">2025-03-10</subfield>
   <subfield code="v">199000.00</subfield>
   <subfield code="w">2025-03-10</subfield>
   <subfield code="y">BK</subfield>
  </datafield>
  <datafield tag="952" ind1=" " ind2=" ">
   <subfield code="0">0</subfield>
   <subfield code="1">0</subfield>
   <subfield code="2">ddc</subfield>
   <subfield code="4">0</subfield>
   <subfield code="6">006_350000000000000_K304T</subfield>
   <subfield code="7">0</subfield>
   <subfield code="9">30402</subfield>
   <subfield code="a">000001</subfield>
   <subfield code="b">000001</subfield>
   <subfield code="d">2025-03-10</subfield>
   <subfield code="l">1</subfield>
   <subfield code="m">1</subfield>
   <subfield code="o">006.35 K304T</subfield>
   <subfield code="p">MD.23555</subfield>
   <subfield code="r">2025-04-24</subfield>
   <subfield code="s">2025-04-04</subfield>
   <subfield code="v">199000.00</subfield>
   <subfield code="w">2025-03-10</subfield>
   <subfield code="y">BK</subfield>
  </datafield>
  <datafield tag="952" ind1=" " ind2=" ">
   <subfield code="0">0</subfield>
   <subfield code="1">0</subfield>
   <subfield code="2">ddc</subfield>
   <subfield code="4">0</subfield>
   <subfield code="6">006_350000000000000_K304T</subfield>
   <subfield code="7">0</subfield>
   <subfield code="9">30403</subfield>
   <subfield code="a">000001</subfield>
   <subfield code="b">000001</subfield>
   <subfield code="d">2025-03-10</subfield>
   <subfield code="l">1</subfield>
   <subfield code="m">1</subfield>
   <subfield code="o">006.35 K304T</subfield>
   <subfield code="p">MD.23556</subfield>
   <subfield code="r">2025-05-26</subfield>
   <subfield code="s">2025-05-08</subfield>
   <subfield code="v">199000.00</subfield>
   <subfield code="w">2025-03-10</subfield>
   <subfield code="y">BK</subfield>
  </datafield>
  <datafield tag="952" ind1=" " ind2=" ">
   <subfield code="0">0</subfield>
   <subfield code="1">0</subfield>
   <subfield code="2">ddc</subfield>
   <subfield code="4">0</subfield>
   <subfield code="6">006_350000000000000_K304T</subfield>
   <subfield code="7">0</subfield>
   <subfield code="9">30404</subfield>
   <subfield code="a">000001</subfield>
   <subfield code="b">000001</subfield>
   <subfield code="d">2025-03-10</subfield>
   <subfield code="o">006.35 K304T</subfield>
   <subfield code="p">MD.23557</subfield>
   <subfield code="r">2025-03-10</subfield>
   <subfield code="v">199000.00</subfield>
   <subfield code="w">2025-03-10</subfield>
   <subfield code="y">BK</subfield>
  </datafield>
  <datafield tag="952" ind1=" " ind2=" ">
   <subfield code="0">0</subfield>
   <subfield code="1">0</subfield>
   <subfield code="2">ddc</subfield>
   <subfield code="4">0</subfield>
   <subfield code="6">006_350000000000000_K304T</subfield>
   <subfield code="7">0</subfield>
   <subfield code="9">30405</subfield>
   <subfield code="a">000001</subfield>
   <subfield code="b">000001</subfield>
   <subfield code="d">2025-03-10</subfield>
   <subfield code="l">1</subfield>
   <subfield code="o">006.35 K304T</subfield>
   <subfield code="p">MD.23558</subfield>
   <subfield code="q">2025-12-15</subfield>
   <subfield code="r">2025-12-01</subfield>
   <subfield code="s">2025-12-01</subfield>
   <subfield code="v">199000.00</subfield>
   <subfield code="w">2025-03-10</subfield>
   <subfield code="y">BK</subfield>
  </datafield>
  <datafield tag="952" ind1=" " ind2=" ">
   <subfield code="0">0</subfield>
   <subfield code="1">0</subfield>
   <subfield code="2">ddc</subfield>
   <subfield code="4">0</subfield>
   <subfield code="6">006_350000000000000_K304T</subfield>
   <subfield code="7">0</subfield>
   <subfield code="9">30406</subfield>
   <subfield code="a">000001</subfield>
   <subfield code="b">000001</subfield>
   <subfield code="d">2025-03-10</subfield>
   <subfield code="o">006.35 K304T</subfield>
   <subfield code="p">MD.23559</subfield>
   <subfield code="r">2025-03-10</subfield>
   <subfield code="v">199000.00</subfield>
   <subfield code="w">2025-03-10</subfield>
   <subfield code="y">BK</subfield>
  </datafield>
  <datafield tag="980" ind1=" " ind2=" ">
   <subfield code="a">Thư viện Trường Đại học Nam Cần Thơ</subfield>
  </datafield>
 </record>
</collection>
<br />
<b>Notice</b>:  fwrite(): write of 437 bytes failed with errno=28 No space left on device in <b>C:\vufind\module\VuFind\src\VuFind\Session\File.php</b> on line <b>152</b><br />
Cannot write session to C:\Windows\TEMP\vufind_sessions/sess_e1r2icfpg3gmumfurvhsm1e3ci
<br />
<b>Warning</b>:  session_write_close(): Failed to write session data using user defined save handler. (session.save_path: \xampp\tmp) in <b>C:\vufind\vendor\laminas\laminas-session\src\SessionManager.php</b> on line <b>235</b><br />
